Statistics for Kings and Queens of Scotland

Click here to take the quiz!

General Stats

  • This quiz has been taken 353 times
  • The average score is 26 of 46

Answer Stats

DynastyReign of MonarchAnswerNumberEnd of Reign% Correct
Stewart1566-1603JamesVIBecame King of Scotland and England
98%
Stewart1488-1513JamesIVKilled in Battle
98%
Stewart1437-1460JamesIICannon accidently firing
98%
Stewart1460-1488JamesIIIAssassinated
98%
Stewart1406-1437JamesIAssassinated
98%
Stewart1513-1542JamesVNatural Causes
98%
Stewart1542-1567MaryAbdicated
93%
Bruce1306-1329RobertINatural Causes
93%
Stewart1371-1390RobertIINatural Causes
93%
Stewart1390-1406RobertIIINatural Causes
93%
Balloil1292-1296JohnAbdicated
77%
MacAlpine942-954MalcolmIKilled
77%
Dunkeld1153-1165MalcolmIVNatural Causes
77%
MacAlpine1005-1034MalcolmIIKilled
77%
Dunkeld1058-1093MalcolmIIIKilled and Usurped (by Donald III)
77%
Dunkeld1040-1057MacbethKilled in Battle (by Malcolm III)
76%
MacAlpine889-900DonaldIIKilled
64%
Dunkeld1093-1097DonaldIIIDeposed and Imprisoned
64%
MacAlpine859-863DonaldIKilled in Battle or Natural Causes
64%
Balloil1332 1333-1334 1335-1336EdwardDeposed
64%
Dunkeld1165-1214WilliamNatural Causes
64%
Dunkeld1034-1040DuncanIKilled in Battle (against Macbeth) or Killed (by Macbeth)
63%
Dunkeld1094DuncanIIKilled in Battle
63%
MacAlpine834-859KennethINatural Causes
57%
MacAlpine971-995KennethIINatural Causes or Killed (by Constantine III)
57%
MacAlpine997-1005KennethIIIKilled in Battle
57%
Dunkeld1107-1124AlexanderINatural Causes
56%
Dunkeld1214-1249AlexanderIINatural Causes
56%
Dunkeld1249-1286AlexanderIIIKilled (by Horse which Fell off Cliff Edge)
56%
Dunkeld1124-1153DavidINatural Causes
56%
Bruce1329-1371DavidIINatural Causes
56%
MacAlpine995-997ConstantineIIIKilled
51%
MacAlpine863-877ConstantineIKilled in Battle
51%
MacAlpine900-942ConstantineIIAbdicated
51%
interregnum1290-1292No MonarchThe anwser is No MonarchElected a monarch (Highly Influenced by Edward I of England)
28%
interregnum1296-1306No MonarchThe anwser is No MonarchRobert 'the bruce' assumed the crown
28%
Dunkeld1097-1107EdgarNatural Causes
24%
Dunkeld1057-1058LulachKilled (by Malcolm III)
24%
MacAlpine834AlpinKilled in Battle
13%
MacAlpine954-962IndulfAbdicated
12%
MacAlpine962-967DuffKilled
9%
Dunkeld1094-1097EdmundDeposed
8%
MacAlpine877-878EochaidDeposed
8%
MacAlpine967-971ColinKilled
6%
MacAlpine877-878AedhKilled
5%
Dunkeld1286-1290MaragretNatural Causes (on a boat)
2%

Score Distribution

Percentile by Number Answered

Percent of People with Each Score

Your Score History

You have not taken this quiz